Το πρόβλημα των αδελφών του Ιησού
Αποθηκεύτηκε σε:
| Κύριος συγγραφέας: | |
|---|---|
| Μορφή: | Βιβλίο |
| Γλώσσα: | Greek |
| Δημοσίευση: |
Αθήναι :
Αστήρ,
[1950;]
|
| Θέματα: | |
| Ετικέτες: |
Προσθήκη ετικέτας
Δεν υπάρχουν, Καταχωρήστε ετικέτα πρώτοι!
|
MARC
| LEADER | 00000cam a2200000 i 4500 | ||
|---|---|---|---|
| 001 | 1/28504 | ||
| 008 | 060502q19501960gr | ||| |||| ||gre|| | ||
| 035 | |l 10083669 | ||
| 040 | |a GR-MyUa |b gre |e AACR2 | ||
| 041 | 0 | |a gre | |
| 082 | 7 | |a 232.9 |2 (22) | |
| 100 | 1 | |a Σιώτης, Μάρκος Α. | |
| 245 | 1 | 3 | |a Το πρόβλημα των αδελφών του Ιησού / |c υπό Μάρκου Α. Σιώτου. |
| 260 | |a Αθήναι : |b Αστήρ, |c [1950;] | ||
| 300 | |a viii, 100 σ. ; |c 21 εκ. | ||
| 500 | |a Με: Αι περί της ορθοδόξου καθολικής εκκλησίας: αντιλήψεις νεώτερων ρωμαιοκαθολικών θεολόγων / υπό Ιωάννου Ορ. Καλογήρου. - Εκλεκτά κηρύγματα / C. H. Spurgeon. - Πίστης και επιστήμη / Δημητρίου Ι. Μαγκριώτη. - Το ζήτημα της τεκνογονίας / Σεραφείμ Γ. Παπακώστα. - Διακήρυξις της χριστιανικής ενώσεως επιστημόνων / Χριστιανική Ένωση Επιστημόνων. | ||
| 504 | |a Βιβλιογραφία σ.[v]-viii. Πίνακες και παροράματα. | ||
| 600 | 0 | 7 | |2 nlgaf |a Ιησούς Χριστός |x Brethren. |
| 600 | 0 | 7 | |2 nlgaf |a Ιησούς Χριστός |x Childhood. |
| 852 | |a INST |b RHODES |c KRI |e 20060502 |h 232.9 ΣΙΩ |p 005400022498 |q 005400022498 |t BK |y 4 |x 20190708 | ||
| 901 | |a BIBL4-2006-2 | ||
| 970 | |a ΚΟΖΑ |b ΜΑΡΙΑ |z 2006/05/02 | ||